| 000 | 00376nam a2200157Ia 4500 | ||
|---|---|---|---|
| 100 | _aPahuja/Sanjay | ||
| 650 | _aDatastructures | ||
| 942 | _cBK | ||
| 366 | _f20 | ||
| 245 | _aPractical approach to Datastructures and algorithms | ||
| 260 |
_bNew Age Interational Ltd. _aNew Delhi _c2007 |
||
| 082 |
_a005.73/PAH _bPAH |
||
| 300 | _a558 | ||
| 546 | _aENGLISH | ||
| 999 |
_c25578 _d25578 |
||